| 000 | 00978nam1a22002531i 4500 | ||
|---|---|---|---|
| 001 | rc\2875162 | ||
| 005 | 20240726104959.0 | ||
| 035 | _a(NLR Aleph) 007028303 | ||
| 090 |
_a5977660 _c5977660 |
||
| 100 | _a20110719d1931 |||y0rusy50 ca | ||
| 101 | 0 | _arus | |
| 102 | _aRU | ||
| 105 | _ay z ||||| | ||
| 200 | 1 |
_aЗадание по диалектическому материализму _fВсес. ком. ун-т им. И.В. Сталина. II и III курс |
|
| 210 |
_aЛенинград _cДворец Урицкого _d1931 _gтип. ВКУ |
||
| 215 | _d21х15 см | ||
| 300 | _aВ конце текста: пред. Кафедры Дядякин | ||
| 333 | _aНа правах рукописи | ||
| 702 | 0 |
_aДядякин _4570 |
|
| 710 | 0 | 2 |
_aВсесоюзный коммунистический университет им. Сталина _cЛенинград |
| 801 | 0 |
_aRU _bNLR _gpsbo |
|
| 801 | 1 |
_aRU _bELAR _2rusmarc |
|
| 852 |
_aNLR _j32-18/216 |
||
| 942 | _cBOOK | ||